Mesures de conciliació i usos dels temps
Publicado:
Barcelona :
Diputació de Barcelona. Àrea de Presidència. Direcció dels Serveis de Recursos Humans ,
2018
Descripción Física:
31 pàgines ; 21 cm
Colección:
Treballar a la Diputació
Idioma:
Catalán
MARC
| LEADER | 00000nam a22000007a 4500 | ||
|---|---|---|---|
| 001 | 25545 | ||
| 008 | 220517b spa||||| |||| 00| 0 cat d | ||
| 017 | |a DL B 2814-2018 | ||
| 080 | |a FU-69-32 | ||
| 245 | |a Mesures de conciliació i usos dels temps | ||
| 260 | |a Barcelona : |b Diputació de Barcelona. Àrea de Presidència. Direcció dels Serveis de Recursos Humans, |c 2018 | ||
| 300 | |a 31 pàgines ; |c 21 cm | ||
| 490 | |a Treballar a la Diputació | ||
| 650 | 0 | |9 10311 |a Conciliació laboral | |
| 650 | 0 | |9 52955 |a Conciliació laboral |v Manuals, guies, etc. | |
| 710 | 1 | |a Barcelona (Catalunya : Província). |b Direcció dels Serveis de Recursos Humans |9 52859 | |
| 942 | |2 udc |c ARXIU |n 1 | ||
| 952 | |0 0 |1 0 |4 0 |6 FU6932 |7 1 |9 61763 |a Arxiu |b Arxiu |d 2022-05-17 |l 0 |o FU-69-32 |p 25545 |r 2022-05-17 00:00:00 |w 2022-05-17 |y ARXIU | ||
| 999 | |c 81618 |d 81618 | ||